| 000 | 00646nam a22002171 4500 | ||
|---|---|---|---|
| 999 |
_c2408 _d2408 |
||
| 003 | ALUPE UNIVERSITY | ||
| 005 | 20210709073927.0 | ||
| 008 | 921109s1986 enk 000 0 eng d | ||
| 020 | _a0906348986 | ||
| 040 | _cALUPE UNIVERSITY | ||
| 050 |
_aRK 666 _b.S65 1986 |
||
| 092 | _aD0500821510 | ||
| 100 | 1 | _aSmith, Bernard G. N. | |
| 245 | 1 | 0 |
_aPlanning and making crowns and bridges / _cBernard G.N. Smith |
| 260 |
_aLondon : _bDunitz, _c1986 |
||
| 300 |
_a237 p ; _c24 cm |
||
| 650 | 0 | _aCrowns (Dentistry) | |
| 650 | 0 | _aBridges (Dentistry) | |
| 942 |
_2lcc _cBK _nPW |
||